000 01873nam0a2200385 4500
001 RU\NLR\BIBL_A\012219388
005 20200319170425.0
010 _a978-5-358-20399-0
_92000
021 _aRU
_bКН-П-19-101956
_9КН-П-19-7502
035 _a(NLR Aleph) 012219388
035 _a(RuMoRGB)010215492
090 _a10925039
_c10925039
100 _a20200214d2019 d y0rusy50 ca
101 0 _arus
102 _aRU
105 _a j |000z
181 0 _ai
_baxxe
182 0 _an
200 1 _aШахматы
_iТактика
_e7-9 [классы]
_eучебник
_fМ. И. Викерчук, П. А. Чернышев, И. В. Глек, А. С. Виноградов
_gпод редакцией международного гроссмейстера, заслуженного тренера ФИДЕ И. В. Глека
203 _aТекст
_bвизуальный
_cнепосредственный
210 _aМосква
_cДрофа
_d2019
215 _a143, [1] с.
_cцв. ил.
_d24
225 1 _aРоссийский учебник
_eРУ
606 1 _aШахматы
_jУчебники для средней школы
_xТактика
_91915158
_3RU\NLR\AUTH\661162152
686 1 _aЧ515.811.1я72
701 1 _aВикерчук
_bМ. И.
_gМаксим Игоревич
701 1 _7ca
_8rus
_aЧернышев
_bП. А.
_cметодист, шахматы
_gПетр Александрович
_9213313
_3RU\NLR\AUTH\770213369
701 1 _aГлек
_bИ. В.
_gИгорь Владимирович
701 1 _7ca
_8rus
_aВиноградов
_bА. С.
_cметодист, шахматы
_gАлександр Сергеевич
_9213329
_3RU\NLR\AUTH\770213385
702 1 _aГлек
_bИ. В.
_gИгорь Владимирович
_4340
942 _cBOOK
980 _aNBR
980 _aNB